<?xml version="1.0" encoding="UTF-8"?>
<record
    xmlns:xsi="http://www.w3.org/2001/XMLSchema-instance"
    xsi:schemaLocation="http://www.loc.gov/MARC21/slim http://www.loc.gov/standards/marcxml/schema/MARC21slim.xsd"
    xmlns="http://www.loc.gov/MARC21/slim">

  <leader>01297cam a2200301 ia4500</leader>
  <controlfield tag="003">SA-RiAUC</controlfield>
  <controlfield tag="005">20251230073458.0</controlfield>
  <controlfield tag="008">251225s2000    ua     g      000r0 ara c</controlfield>
  <datafield tag="020" ind1=" " ind2=" ">
    <subfield code="a">0000003135</subfield>
  </datafield>
  <datafield tag="040" ind1=" " ind2=" ">
    <subfield code="a">SA-RiBOE</subfield>
    <subfield code="b">ara</subfield>
    <subfield code="c">SA-RiAUC</subfield>
    <subfield code="e">rda</subfield>
  </datafield>
  <datafield tag="082" ind1="0" ind2="4">
    <subfield code="a">212</subfield>
    <subfield code="q">SA-RiAUC</subfield>
  </datafield>
  <datafield tag="090" ind1=" " ind2=" ">
    <subfield code="a">212</subfield>
    <subfield code="b">&#x627; &#x62C; &#x631;</subfield>
  </datafield>
  <datafield tag="100" ind1="1" ind2=" ">
    <subfield code="a">&#x627;&#x644;&#x622;&#x62C;&#x631;&#x64A;&#x60C; &#x645;&#x62D;&#x645;&#x62F; &#x628;&#x646; &#x627;&#x644;&#x62D;&#x633;&#x64A;&#x646; &#x628;&#x646; &#x639;&#x628;&#x62F; &#x627;&#x644;&#x644;&#x647;&#x60C;</subfield>
    <subfield code="d">&#x62A;&#x648;&#x641;&#x64A; 360 &#x647;&#x62C;&#x631;&#x64A;</subfield>
    <subfield code="e">&#x645;&#x624;&#x644;&#x641;.</subfield>
  </datafield>
  <datafield tag="245" ind1="1" ind2="0">
    <subfield code="a">&#x623;&#x62E;&#x644;&#x627;&#x642; &#x627;&#x644;&#x639;&#x644;&#x645;&#x627;&#x621; /</subfield>
    <subfield code="c">&#x644;&#x623;&#x628;&#x64A; &#x628;&#x643;&#x631; &#x628;&#x646; &#x627;&#x644;&#x62D;&#x633;&#x64A;&#x646; &#x628;&#x646; &#x639;&#x628;&#x62F; &#x627;&#x644;&#x644;&#x647; &#x627;&#x644;&#x622;&#x62C;&#x631;&#x64A; &#x61B; &#x62A;&#x642;&#x62F;&#x64A;&#x645; &#x648;&#x62A;&#x639;&#x644;&#x64A;&#x642; &#x639;&#x628;&#x62F; &#x627;&#x644;&#x645;&#x639;&#x632; &#x639;&#x628;&#x62F; &#x627;&#x644;&#x62D;&#x645;&#x64A;&#x62F; &#x627;&#x644;&#x62C;&#x632;&#x627;&#x631;.</subfield>
  </datafield>
  <datafield tag="264" ind1=" " ind2="1">
    <subfield code="a">[&#x627;&#x644;&#x642;&#x627;&#x647;&#x631;&#x629;] :</subfield>
    <subfield code="b">&#x627;&#x644;&#x623;&#x632;&#x647;&#x631;&#x60C;</subfield>
    <subfield code="c">[2000]</subfield>
  </datafield>
  <datafield tag="300" ind1=" " ind2=" ">
    <subfield code="a">&#x645;&#x62C;&#x644;&#x62F; &#x61B;</subfield>
    <subfield code="c">19 &#xD7; 14 &#x633;&#x645;</subfield>
  </datafield>
  <datafield tag="336" ind1=" " ind2=" ">
    <subfield code="a">&#x646;&#x635;</subfield>
    <subfield code="b">txt</subfield>
    <subfield code="2">rdacontent</subfield>
    <subfield code="3">&#x643;&#x62A;&#x627;&#x628;</subfield>
  </datafield>
  <datafield tag="337" ind1=" " ind2=" ">
    <subfield code="a">&#x628;&#x62F;&#x648;&#x646; &#x648;&#x633;&#x64A;&#x637;</subfield>
    <subfield code="b">n</subfield>
    <subfield code="2">rdamedia</subfield>
  </datafield>
  <datafield tag="338" ind1=" " ind2=" ">
    <subfield code="a">&#x645;&#x62C;&#x644;&#x62F;</subfield>
    <subfield code="b">nc</subfield>
    <subfield code="2">rdacarrier</subfield>
  </datafield>
  <datafield tag="500" ind1=" " ind2=" ">
    <subfield code="a">&#x647;&#x62F;&#x64A;&#x629; &#x627;&#x644;&#x645;&#x62D;&#x631;&#x645; &#x645;&#x646; &#x645;&#x62C;&#x644;&#x629; &#x627;&#x644;&#x623;&#x632;&#x647;&#x631;.</subfield>
  </datafield>
  <datafield tag="590" ind1=" " ind2=" ">
    <subfield code="a">&#x627;&#x644;&#x645;&#x643;&#x62A;&#x628;&#x629; &#x64A;&#x62A;&#x648;&#x627;&#x641;&#x631; &#x628;&#x647;&#x627; : &#x645;&#x62C;. 1.</subfield>
  </datafield>
  <datafield tag="650" ind1=" " ind2="7">
    <subfield code="a">&#x627;&#x644;&#x623;&#x62E;&#x644;&#x627;&#x642; &#x627;&#x644;&#x625;&#x633;&#x644;&#x627;&#x645;&#x64A;&#x629;</subfield>
    <subfield code="2">aucsh</subfield>
  </datafield>
  <datafield tag="650" ind1=" " ind2="7">
    <subfield code="a">&#x627;&#x644;&#x625;&#x633;&#x644;&#x627;&#x645; &#x648;&#x627;&#x644;&#x639;&#x644;&#x648;&#x645;</subfield>
    <subfield code="2">aucsh</subfield>
  </datafield>
  <datafield tag="650" ind1=" " ind2="7">
    <subfield code="a">&#x627;&#x644;&#x639;&#x644;&#x645;&#x627;&#x621;</subfield>
    <subfield code="x">&#x623;&#x62E;&#x644;&#x627;&#x642; &#x645;&#x647;&#x646;&#x64A;&#x629;</subfield>
    <subfield code="2">aucsh</subfield>
  </datafield>
  <datafield tag="700" ind1="1" ind2=" ">
    <subfield code="a">&#x627;&#x644;&#x62C;&#x632;&#x627;&#x631;&#x60C; &#x639;&#x628;&#x62F; &#x627;&#x644;&#x645;&#x639;&#x632; &#x639;&#x628;&#x62F; &#x627;&#x644;&#x62D;&#x645;&#x64A;&#x62F;</subfield>
    <subfield code="e">&#x645;&#x642;&#x62F;&#x645;.</subfield>
  </datafield>
  <datafield tag="942" ind1=" " ind2=" ">
    <subfield code="2">ddc</subfield>
    <subfield code="c">BOOK</subfield>
    <subfield code="n">0</subfield>
  </datafield>
  <datafield tag="949" ind1=" " ind2=" ">
    <subfield code="a">SA-JeALM</subfield>
    <subfield code="d">251225</subfield>
    <subfield code="u">mohamedma123</subfield>
    <subfield code="n">1</subfield>
  </datafield>
  <datafield tag="952" ind1=" " ind2=" ">
    <subfield code="0">0</subfield>
    <subfield code="1">0</subfield>
    <subfield code="2">ddc</subfield>
    <subfield code="3">&#x627;&#x644;&#x62C;&#x632;&#x621; &#x627;&#x644;&#x627;&#x648;&#x644;</subfield>
    <subfield code="4">0</subfield>
    <subfield code="7">0</subfield>
    <subfield code="8">gift</subfield>
    <subfield code="a">WAHAB</subfield>
    <subfield code="b">WAHAB</subfield>
    <subfield code="d">2025-12-30</subfield>
    <subfield code="l">0</subfield>
    <subfield code="o">212 &#x627; &#x62C; &#x631;</subfield>
    <subfield code="p">000022176</subfield>
    <subfield code="r">2025-12-30 07:35:43</subfield>
    <subfield code="w">2025-12-30</subfield>
    <subfield code="y">BOOK</subfield>
  </datafield>
  <datafield tag="999" ind1=" " ind2=" ">
    <subfield code="c">13818</subfield>
    <subfield code="d">13818</subfield>
  </datafield>
</record>
